000 00629nam a2200229Ia 4500
003 OSt
005 20220918194509.0
006 a|||||r|||| 00| 0
007 ta
008 220917b |||||||| |||| 00| 0 eng d
024 _a79,779
037 _cTextual
040 _aARTS
_cARTS
_beng
041 _2eng
_aeng
082 _aS:4-7, J4 (SD)
100 _aWitkin H A ed
_985259
245 0 _aPersonality through perception
_b an experimental and clinical study, ed by Gardner Murphy
260 _c1954
650 _aPSYCHOLOGY
942 _hS:4-7, J4 (SD)
_cTEXL
_2CC
999 _c203505
_d203505